Análisis del impacto generado en la implementación de niif para pymes en las agencias turísticas de Cartagena / (Registro nro. 5886)

Detalles MARC
000 -LEADER
fixed length control field 01704nam a2200289 i 4500
005 - DATE AND TIME OF LATEST TRANSACTION
control field 20250329165508.0
007 - PHYSICAL DESCRIPTION FIXED FIELD--GENERAL INFORMATION
fixed length control field ta
008 - FIXED-LENGTH DATA ELEMENTS--GENERAL INFORMATION
fixed length control field 200622s2022 000 0 eng d
040 ## - CATALOGING SOURCE
Original cataloging agency CO-CtgCURN
Language of cataloging spa
Transcribing agency coctgcurn
Description conventions rda
082 0# - DEWEY DECIMAL CLASSIFICATION NUMBER
Classification number TCS 2022
Item number A675
100 1# - MAIN ENTRY--PERSONAL NAME
Personal name Arco Amador, Ysabel de,
Relator term author.
Relationship aut
245 10 - TITLE STATEMENT
Title Análisis del impacto generado en la implementación de niif para pymes en las agencias turísticas de Cartagena /
Statement of responsibility, etc. Ysabel de Arco Amador; Yair García Monterrosa; Tutor Victor Vergara.
260 ## - PUBLICATION, DISTRIBUTION, ETC.
Place of publication, distribution, etc. Cartagena de Indias :
Name of publisher, distributor, etc. Corporación Universitaria Rafael Núñez,
Date of publication, distribution, etc. 2022.
260 #4 - PUBLICATION, DISTRIBUTION, ETC.
Date of publication, distribution, etc. ©2022.
300 ## - PHYSICAL DESCRIPTION
Extent 34 hojas.
336 ## - CONTENT TYPE
Content type term text
Content type code txt
Source rdacontent
337 ## - MEDIA TYPE
Media type term unmediated
Media type code n
Source rdamedia
338 ## - CARRIER TYPE
Carrier type term volume
Carrier type code nc
Source rdacarrier
502 ## - DISSERTATION NOTE
Dissertation note Trabajo de grado (Tecnologo en contabilidad sistematizada). Corporación Universitaria Rafael Núñez. Facultad de Ciencias Administrativas y Contables. Programa de Tecnología en Contabilidad Sistematizada, 2022.
520 8# - SUMMARY, ETC.
Summary, etc. "El impacto de la globalización de los mercados sobre los diversos procesos económicos, ha generado un incremento importante de aspectos de competitividad a nivel nacional e internacional que incide en la proyección de la empresa hacia el futuro."
650 #0 - SUBJECT ADDED ENTRY--TOPICAL TERM
Topical term or geographic name entry element Contabilidad sistematizada
General subdivision Tesis y disertaciones académicas.
700 1# - ADDED ENTRY--PERSONAL NAME
Personal name García Monterrosa, Yair.
700 1# - ADDED ENTRY--PERSONAL NAME
Personal name Vergara, Victor,
Relator term tutor.
856 7# - ELECTRONIC LOCATION AND ACCESS
Uniform Resource Identifier <a href="https://unicurn.sharepoint.com/:b:/s/biblioteca/EUti1peaj3xCkvFUF156YGsBOZibP7_YwWSlBodjJrpxwA?e=5t0Phb">https://unicurn.sharepoint.com/:b:/s/biblioteca/EUti1peaj3xCkvFUF156YGsBOZibP7_YwWSlBodjJrpxwA?e=5t0Phb</a>
Public note Click aqui para ver el recurso en texto completo
942 ## - ADDED ENTRY ELEMENTS (KOHA)
Koha item type Trabajos de grado
Classification part TCS 2022
Item part A675
Institution code [OBSOLETE] MHC
-- MHC
Source of classification or shelving scheme Dewey Decimal Classification
Existencias
Withdrawn status Lost status Source of classification or shelving scheme Damaged status Not for loan Collection Home library Current library Shelving location Date acquired Total checkouts Full call number Barcode Date last seen Price effective from Koha item type
    Dewey Decimal Classification     Trabajos de grado Miguel Henríquez Castañeda Miguel Henríquez Castañeda Trabajo de grado 03/29/2025   TCS 2022 A675 024699 03/29/2025 03/29/2025 Trabajos de grado